| 000 | 00521nam a22001457a 4500 | ||
|---|---|---|---|
| 005 | 20250902120853.0 | ||
| 008 | 250902b |||||||| |||| 00| 0 eng d | ||
| 100 | _aONYANGO DAVID | ||
| 245 | _aINFLUENCE OF TEACHER PERFORMANCE APPRAISAL AND DEVELOPMENT ON PUPILS ACADEMIC PERFOMANCE IN PUBLIC PRIMARY SCHOOLS IN SUNA EAST SUB-COUNTY, MIGORI COUNTY, KENYA | ||
| 260 |
_aKISII _bKISII UNIVERSITY _c2020 |
||
| 300 | _aXIX, 149P. | ||
| 500 | _aINCLUDES BIBLIOGRAPHICAL REFERENCES | ||
| 650 | _aTEACHERS | ||
| 942 |
_2lcc _cREF |
||
| 999 |
_c216065 _d216065 |
||